1276 1162 1897 1143 1519 1211 1339 1879 1087 1065 1416 1444 1731 1086 1177 1692 1587 1229 1771 1123 1946 1552 1111 1101 1838 1744 1247 1874 1098 1206 1732 1729 1754 1803 1330 1815 1261 1561 1796 1572 1828 1887 1503 1052 1721 1878 1157 1772 1564 1435 1501 1171 1615 1135 1393 1044 1022 1295 1692 1127 1607 1865 1611 1675 1211 1070 1359 1475 1974 1386 1318 1587 1362 1868 1229 1465 1000 1600 1966 1787 1384 1890 1099 1718 1976 1439 1535 1635 1909 1950 1498 1974 1744 1109 1848 1888 1754 1977 1141 BCNSPRNW ULIB Ver.6.0+V

เปลี่ยนเป็นภาษาไทย

Change to English
 แสดงรายละเอียดบรรณานุกรม
  กลับหน้าหลัก

Brief Record : Get Marc (ISO 2709) : E-mail record : QR code < ปิดหน้าต่าง
LEADER : 00000nam 2200000uu 4500
001    13399110787
003     ULIB
008    110609s2552||||th 000 0 tha d
020    9789744141163
060 04 WA100^bบ574ส 2552
100 0  บุญศิญา เรืองสมบูรณ์
245 10 สุขภาพดี หัวจรดเท้า เช้าจรดเย็น /^cบุญศิญา เรืองสมบูรณ์
250    พิมพ์ครั้งที่ 1
260    กรุงเทพฯ :^bดีไลท์พับลิชชิ่ง,^c2552
300    119 หน้า :^bภาพประกอบ ;^c21 ซม.
650  7 การออกกำลังกาย
650  7 การดูแลตนเอง
650  7 โภชนาการ
650  7 สุขภาพ
945    ^p100^l0^i18266
995    กัณชพร
999    ^aใช้งานได้ทุกระบบ
รายการนี้ยังไม่มีแท็ก
คุณยังไม่ได้ล็อกอิน คุณสามารถมีกิจกรรมร่วมกับเว็บไซต์ได้ แต่ต้องล็อกอินก่อน ::
  ล็อกอิน

รายการสื่อสารสนเทศ

ลำดับที่ ประเภท เลขเรียก/บาร์โค้ด สถานที่ สถานะ
- ไม่พบข้อมูล -

รายการใกล้เคียง
    ผู้แต่ง [บุญศิญา เรืองสมบูรณ์]

    หัวเรื่อง [การออกกำลังกาย]
    หัวเรื่อง [การดูแลตนเอง]
    หัวเรื่อง [โภชนาการ]
    หัวเรื่อง [สุขภาพ]

BibComment


ยังไม่เคยถูกคอมเมนท์

คอมเมนท์ทรัพยากรรายการนี้
  คอมเมนท์: สุขภาพดี หัวจรดเท..


 Copyright 2026. Bcnsprnw @Library